新線開業で直通した7社局14路線 - Statistics

General Stats
  • This quiz has been taken 377 times
  • The average score is 18 of 21
Answer Stats
社局・路線 % Correct
相模鉄道株式会社
98%
東急電鉄株式会社
98%
東京地下鉄株式会社
96%
東横線
93%
東武鉄道株式会社
93%
西武鉄道株式会社
93%
副都心線
90%
目黒線
89%
相鉄本線
88%
東武東上線
86%
東京都交通局
85%
南北線
84%
三田線
82%
池袋線
82%
相鉄新横浜線
81%
東急新横浜線
81%
埼玉高速鉄道株式会社
76%
相鉄いずみ野線
75%
埼玉スタジアム線
71%
西武有楽町線
69%
狭山線
41%
No matching quizzes found
Score Distribution
Percent of People with Each Score
Percentile by Number Answered
Your Score History
You have not taken this quiz